| 000 | 00769cab a2200265 4500 | ||
|---|---|---|---|
| 001 | WB3001-32 | ||
| 008 | 090401t1994 xxu||||| |||| 00| 0 eng d | ||
| 035 | _a(Sirsi) u42066 | ||
| 041 | _aeng | ||
| 100 | _aTrustram Eve, J. | ||
| 245 | _aWaste disposal issue causes confusion | ||
| 260 | _c1994 | ||
| 350 | _a0 | ||
| 490 |
_aCSW - The Property Week _v46(1) 6 January 1994, 36(1) |
||
| 520 | _aArgues that integrated pollution control needs to be considered for landfill sites as well as incineration. | ||
| 650 | _aINCINERATION | ||
| 650 | _aINTEGRATED POLLUTION CONTROL | ||
| 650 | _aLANDFILL SITES | ||
| 650 | _aPOLLUTION CONTROL | ||
| 650 | _aWASTE DISPOSAL | ||
| 650 | _aWASTE MANAGEMENT | ||
| 690 | _aLAND | ||
| 942 | _n0 | ||
| 948 | _c04/03/1997 | ||
| 999 |
_c27022 _d27022 |
||